Medias verdades en la economía y el desarrollo / (Registro nro. 5392)

Detalles MARC
000 -LEADER
fixed length control field 00962nam a2200241Ia 4500
003 - CONTROL NUMBER IDENTIFIER
control field OSt
005 - DATE AND TIME OF LATEST TRANSACTION
control field 20200619105116.0
008 - FIXED-LENGTH DATA ELEMENTS--GENERAL INFORMATION
fixed length control field 191128s1988 ck fr 000 0 spa d
020 ## - INTERNATIONAL STANDARD BOOK NUMBER
International Standard Book Number 9589160077
040 ## - CATALOGING SOURCE
Original cataloging agency CO-JMCR
Transcribing agency CO-JMCR
041 0# - LANGUAGE CODE
Language code of text/sound track or separate title spa
082 04 - DEWEY DECIMAL CLASSIFICATION NUMBER
Classification number 330.072 /
Item number P258m
Edition number 23
100 1# - MAIN ENTRY--PERSONAL NAME
Personal name Parra Peña, Isidro,
Relator term autor
9 (RLIN) 5823
245 10 - TITLE STATEMENT
Title Medias verdades en la economía y el desarrollo /
Statement of responsibility, etc. Isidro Parra Peña
250 ## - EDITION STATEMENT
Edition statement Primera edición
260 ## - PUBLICATION, DISTRIBUTION, ETC.
Place of publication, distribution, etc. Bogotá :
Name of publisher, distributor, etc. Universidad Distrital Francisco José de Caldas,
Date of publication, distribution, etc. 1988
300 ## - PHYSICAL DESCRIPTION
Extent 156 páginas ;
Dimensions 19 cm.
504 ## - BIBLIOGRAPHY, ETC. NOTE
Bibliography, etc. note Bibliografía: páginas 153-156
505 0# - FORMATTED CONTENTS NOTE
Formatted contents note Pensamiento económico -- Los neoclásicos y el marginalismo microeconómico -- El keynesianismo -- La síntesis neoclásica -- Keynes en América Latina -- Los post-keynedianos -- Las ideologías y el pensamiento económico
650 14 - SUBJECT ADDED ENTRY--TOPICAL TERM
Topical term or geographic name entry element Teoría económica
9 (RLIN) 5824
650 14 - SUBJECT ADDED ENTRY--TOPICAL TERM
Topical term or geographic name entry element Desarrollo económico
9 (RLIN) 5825
942 ## - ADDED ENTRY ELEMENTS (KOHA)
Source of classification or shelving scheme Dewey Decimal Classification
Koha item type Books
Existencias
Withdrawn status Lost status Source of classification or shelving scheme Damaged status Not for loan Collection code Home library Current library Date acquired Source of acquisition Cost, normal purchase price Total Checkouts Total Renewals Full call number Barcode Date last seen Date last checked out Copy number Koha item type
    Dewey Decimal Classification     Non-fiction Biblioteca Pública José María del Castillo y Rada Biblioteca Pública José María del Castillo y Rada 04/15/2018 Donación 0.00 1 1 330.072 / P258m 430001807 09/27/2024 09/09/2024 Ej.1 Books